| 000 | 011010000a22002290004500 | ||
|---|---|---|---|
| 020 | _a84-7050-190-9 | ||
| 041 | 0 | _aSPA | |
| 082 | 0 | 4 | _aG 241.5 A889c |
| 100 | 1 | _aAubert , Jean-Marie | |
| 245 | 1 | 0 | _aCompendio de la Moral Católica : la fe vivida / Jean - Marie Aubert ; traducción por Miguel Montes |
| 260 | _aEspaña : Edicep C.B | ||
| 300 | _a456 p. | ||
| 500 | _aIncluye índice | ||
| 501 | _arústico | ||
| 505 | 0 | 0 | _aI PARTE: Moral fundamental -- La interpelación ética del hombre -- La respuesta de Jesucristo al Reino de Dios -- El sujeto moral o antropología cristiana -- El actuar humano, material del progreso moral -- La norma moral -- La competencia de la iglesia en moral -- Pecado y reconciliación \II PARTE: Moral especial -- Las virtudes del cristiano -- Moral religiosa -- Moral personal -- Moral de la vida -- Moral familiar y sexual |
| 650 | 1 | 4 | _aRELIGION Y MORAL \ ETICA CRISTIANA \ MORAL BIBLICA - IGLESIA CATOLICA |
| 001 | 18255 | ||
| 942 | _cBK | ||
| 999 |
_c44715 _d44715 |
||
| 336 |
_atexto _btxt _2rdacontent |
||
| 337 |
_2rdamedia _asin mediación _bn |
||
| 338 |
_2rdacarrier _avolumen _bnc |
||